=LDR 00000nam 2200000 4500 =001 INLIS000000000003593 =005 20130612091909 =008 ***********************************Ind** =035 ##$$0010-061300000003593 =041 ##$$a Ind =082 ##$$a 612.654 =090 ##$$a 612.654, Hel b =100 ##$$a Hellbrugge, Theodor =245 ##$$a 365 hari pertama perkembangan bayi sehat, Theodor Hellbrugge; alih bahasa, Rasfiati Iskarno =260 ##$$a 1995 $b Jakarta =300 ##$$a 210 hlm., ilus., 21 cm =650 ##$$a Bayi =650 ##$$a Perkembangan =700 ##$$a Iskarno, Rasfiati =850 ##$$a NBPNMAT